[Event "Titled Tuesday intern op 16th Apr Early"]
[Site "Chess.com INT"]
[Date "2024.04.16"]
[Round "1"]
[White "Balague Camps, Marc"]
[Black "Haug, Havard"]
[Result "0-1"]
[WhiteElo "2219"]
[BlackElo "2334"]
[PlyCount "128"]
[EventDate "2024.04.16"]
[EventType "swiss (blitz)"]
[EventRounds "11"]
[EventCountry "USA"]
[SourceTitle "CB17_2024"]
[SourceDate "2024.04.24"]
[SourceVersion "1"]
[SourceVersionDate "2024.04.24"]
[SourceQuality "1"]

1. d4 d5 2. c4 e6 3. Nc3 Nf6 4. cxd5 exd5 5. Bg5 Be7 6. e3 0-0 7. Qc2 h6 8. Bh4 c6 9. Bd3 Re8 10. Nge2 a5 11. 0-0 Na6 12. a3 Nc7 13. Rad1 b5 14. f3 c5 15. Nxb5 c4 16. Nxc7 Qxc7 17. Bf5 Rb8 18. Bxc8 Rexc8 19. e4 dxe4 20. fxe4 Ng4 21. Bg3 Bd6 22. e5 Be7 23. Qe4 h5 24. h3 Nh6 25. d5 Bc5+ 26. Kh1 Rxb2 27. e6 Rxe2 28. Qxe2 Qxg3 29. exf7+ Nxf7 30. Rxf7 Bd6 31. Kg1 Qh2+ 32. Kf2 Bc5+ 33. Kf3 Rb8 34. Qxc4 Bd6 35. Rf4 Bxf4 36. d6+ Kh8 37. Qxf4 Rb3+ 38. Ke4 Qxg2+ 39. Kd4 Rf3 40. Qxf3 Qxf3 41. Rd3 Qf6+ 42. Kc4 Qd8 43. d7 Kg8 44. Kc5 Kf7 45. Kc6 g5 46. Rf3+ Kg7 47. Re3 Qa8+ 48. Kc7 Qa7+ 49. Kc8 Qxe3 50. d8Q Qe6+ 51. Kb7 Qf7+ 52. Ka6 Qf6+ 53. Qxf6+ Kxf6 54. Kxa5 g4 55. hxg4 hxg4 56. Kb6 g3 57. a4 g2 58. a5 g1Q+ 59. Kb7 Qg2+ 60. Kb8 Qb2+ 61. Ka7 Qb5 62. a6 Ke6 63. Ka8 Qxa6+ 64. Kb8 Qc6 0-1

[Event "Titled Tuesday intern op 18th Jul Late"]
[Site "Chess.com INT"]
[Date "2023.07.18"]
[Round "7"]
[White "Balague Camps, Marc"]
[Black "Bjelobrk, Igor"]
[Result "0-1"]
[WhiteElo "2220"]
[BlackElo "2403"]
[PlyCount "56"]
[EventDate "2023.07.18"]
[EventType "swiss (blitz)"]
[EventRounds "11"]
[EventCountry "USA"]
[SourceTitle "EXT 2024"]
[Source "ChessBase"]
[SourceDate "2023.10.10"]
[SourceVersion "1"]
[SourceVersionDate "2023.10.10"]
[SourceQuality "1"]

1. d4 e6 2. c4 b6 3. Nc3 Bb7 4. e4 Bb4 5. f3 f5 6. exf5 Nh6 7. Nh3 Nxf5 8. Be2 Qh4+ 9. Nf2 Qxd4 10. Bd3 Bxc3+ 11. bxc3 Qxc3+ 12. Bd2 Qe5+ 13. Be4 Bxe4 14. fxe4 Nd6 15. 0-0 0-0 16. Rc1 Nc6 17. Bc3 Qc5 18. Qg4 Rf7 19. g3 Raf8 20. Kg2 Rxf2+ 21. Kh3 g6 22. Rxf2 Rxf2 23. e5 Nf5 24. Be1 Rf1 25. Qe2 Qg1 26. Bd2 Rxc1 27. Bxc1 Qxc1 28. Qd3 Nxe5 0-1

[Event "Titled Tuesday intern op 18th Jul Late"]
[Site "Chess.com INT"]
[Date "2023.07.18"]
[Round "1"]
[White "Balague Camps, Marc"]
[Black "Tqebuchava, Zurab"]
[Result "1-0"]
[WhiteElo "2220"]
[BlackElo "2303"]
[PlyCount "67"]
[EventDate "2023.07.18"]
[EventType "swiss (blitz)"]
[EventRounds "11"]
[EventCountry "USA"]
[SourceTitle "EXT 2024"]
[Source "ChessBase"]
[SourceDate "2023.10.10"]
[SourceVersion "1"]
[SourceVersionDate "2023.10.10"]
[SourceQuality "1"]

1. d4 d6 2. c4 Nf6 3. Nc3 Nbd7 4. e4 e5 5. d5 g6 6. Bd3 Bg7 7. Nf3 Nc5 8. Bc2 a5 9. 0-0 0-0 10. h3 Nh5 11. a3 Nf4 12. Rb1 f5 13. b4 axb4 14. axb4 Nxe4 15. Nxe4 fxe4 16. Bxe4 Bf5 17. Bxf5 Rxf5 18. Bxf4 Rxf4 19. c5 Qf6 20. Nh2 Rd4 21. Qb3 Rf8 22. cxd6 cxd6 23. Rbc1 Rd2 24. Ng4 Qf4 25. Rc4 Qf7 26. Qc3 Rxd5 27. Rc7 Qe6 28. Rxb7 h5 29. Ne3 Rd4 30. b5 Rf7 31. Rxf7 Qxf7 32. b6 Qb7 33. Qc7 Qe4 34. b7 1-0

[Event "Stuttgart op"]
[Site "Ditzingen"]
[Date "2023.05.20"]
[Round "6"]
[White "Fuchs, Florian"]
[Black "Balague Camps, Marc"]
[Result "1/2-1/2"]
[WhiteElo "2367"]
[BlackElo "2190"]
[PlyCount "141"]
[EventDate "2023.05.18"]
[EventType "swiss"]
[EventRounds "7"]
[EventCountry "GER"]
[SourceTitle "CBM 214 Extra"]
[Source "ChessBase"]
[SourceDate "2023.07.31"]
[SourceVersion "1"]
[SourceVersionDate "2023.07.31"]
[SourceQuality "1"]

1. e4 c5 2. Nf3 e6 3. g3 d5 4. exd5 exd5 5. d4 Nf6 6. Bg2 Be7 7. 0-0 0-0 8. dxc5 Na6 9. Nc3 Nxc5 10. Re1 Re8 11. Bg5 Be6 12. Nd4 Bg4 13. f3 Ne6 14. Be3 Nxd4 15. Bxd4 Be6 16. Qd3 Qd7 17. Rad1 b6 18. Qb5 Rac8 19. Qxd7 Nxd7 20. Bf1 Bf6 21. Bb5 Red8 22. Re2 h5 23. Kf2 g6 24. Bxf6 Nxf6 25. Rd4 Rc5 26. Red2 Rdc8 27. Ra4 R8c7 28. Bd3 Bd7 29. Rd4 Kg7 30. h4 b5 31. Ne2 a5 32. a3 Rb7 33. b4 Rcc7 34. Rd1 a4 35. Ke3 Be6 36. Nf4 Rb6 37. Kd2 Rcc6 38. Rc1 Rc3 39. Ra1 Rcc6 40. Ra2 Rb7 41. Ne2 Bd7 42. Nc3 Rd6 43. Ra1 Rdb6 44. Re1 Be6 45. Ne2 Rd7 46. Rf4 Rdd6 47. Nd4 Bd7 48. Re3 Rb8 49. Be2 Nh7 50. Rc3 Nf8 51. Rc5 Ne6 52. Nxe6+ fxe6 53. Rd4 Kf6 54. f4 Ke7 55. Ke3 Rc6 56. Rxc6 Bxc6 57. Rd1 Kd6 58. Kd4 Rf8 59. Bd3 g5 60. hxg5 h4 61. gxh4 Rxf4+ 62. Ke3 Rxh4 63. Rg1 e5 64. g6 Rh2 65. Bf5 d4+ 66. Kd3 Bd5 67. g7 Bc4+ 68. Ke4 Bd5+ 69. Kd3 Bc4+ 70. Ke4 Bd5+ 71. Kd3 1/2-1/2

[Event "Stuttgart op"]
[Site "Ditzingen"]
[Date "2023.05.19"]
[Round "3"]
[White "Balague Camps, Marc"]
[Black "Dolzhikova, Kateryna"]
[Result "1-0"]
[WhiteElo "2190"]
[BlackElo "2333"]
[PlyCount "161"]
[EventDate "2023.05.18"]
[EventType "swiss"]
[EventRounds "7"]
[EventCountry "GER"]
[SourceTitle "CBM 214 Extra"]
[Source "ChessBase"]
[SourceDate "2023.07.31"]
[SourceVersion "1"]
[SourceVersionDate "2023.07.31"]
[SourceQuality "1"]

1. d4 Nf6 2. c4 g6 3. Nc3 Bg7 4. e4 d6 5. f4 0-0 6. Nf3 Na6 7. Bd3 Bg4 8. Be3 Nd7 9. 0-0 e5 10. fxe5 c5 11. Be2 Bxf3 12. gxf3 cxd4 13. Qxd4 Nxe5 14. Qd2 Rc8 15. b3 f5 16. Rad1 Qh4 17. Kg2 Nf7 18. exf5 gxf5 19. Nd5 Rce8 20. Kh1 Kh8 21. Rg1 Rg8 22. Rdf1 Nc5 23. Bd1 Be5 24. Bc2 Qh3 25. Qf2 Ne6 26. Rxg8+ Rxg8 27. f4 Bg7 28. Ne7 Nh6 29. Qf3 Qxf3+ 30. Rxf3 Rf8 31. Rh3 Rf7 32. Nc8 Bf8 33. Nxd6 Rf6 34. Ne8 Rf7 35. Bd2 Ng4 36. Bc3+ Kg8 37. Rf3 Bc5 38. h3 Nf2+ 39. Kh2 Ne4 40. Bxe4 fxe4 41. Rg3+ Kf8 42. Nf6 Ke7 43. Nxe4 Ba3 44. Ng5 Nxg5 45. Rxg5 Rxf4 46. Rg7+ Rf7 47. Rxf7+ Kxf7 48. Kg3 Ke6 49. Kf4 a6 50. Ke4 Be7 51. a4 Bf8 52. b4 Be7 53. b5 axb5 54. cxb5 Ba3 55. a5 Kd6 56. Bd4 Bb4 57. a6 bxa6 58. bxa6 Kc6 59. Kf5 Be7 60. Ke6 Bd8 61. Kf7 Bg5 62. Kg7 h6 63. Kg6 Kc7 64. Kf5 Kb8 65. Bb6 Ka8 66. Ke4 h5 67. Kf5 Be7 68. Kg6 h4 69. Kh5 Bf6 70. Kg4 Be7 71. Bf2 Bf6 72. Bxh4 Bd4 73. Kf3 Bc3 74. Bf2 Bf6 75. Kg4 Be7 76. Be3 Bf6 77. Bg5 Bg7 78. Kf5 Ka7 79. Kg6 Bf8 80. h4 Kxa6 81. h5 1-0

[Event "Titled Tuesday intern op 09th May Late"]
[Site "Chess.com INT"]
[Date "2023.05.09"]
[Round "3"]
[White "Balague Camps, Marc"]
[Black "Abdi, Farzad"]
[Result "0-1"]
[WhiteElo "2190"]
[BlackElo "2068"]
[PlyCount "50"]
[EventDate "2023.05.09"]
[EventType "swiss (blitz)"]
[EventRounds "11"]
[EventCountry "USA"]
[SourceTitle "CBM 214 Extra"]
[Source "ChessBase"]
[SourceDate "2023.07.31"]
[SourceVersion "1"]
[SourceVersionDate "2023.07.31"]
[SourceQuality "1"]

1. d4 Nf6 2. c4 e6 3. Nc3 Bb4 4. f3 d5 5. a3 Bxc3+ 6. bxc3 c5 7. cxd5 exd5 8. e3 Bf5 9. Ne2 0-0 10. Ng3 Bg6 11. h4 h5 12. Bd3 Qc7 13. Kf2 Nc6 14. Bxg6 fxg6 15. a4 Ng4+ 16. Kg1 Qxg3 17. fxg4 Qf2+ 18. Kh2 Qxh4+ 19. Kg1 Qf2+ 20. Kh2 hxg4 21. Qxg4 Rf5 22. Qxg6 Rf6 23. Qxf6 gxf6 24. Ba3 Kf7 25. Rhf1 Rh8# 0-1

[Event "Titled Tuesday intern op 02nd May Early"]
[Site "Chess.com INT"]
[Date "2023.05.02"]
[Round "4"]
[White "Balague Camps, Marc"]
[Black "Shvedova, Alexandra"]
[Result "1-0"]
[WhiteElo "2190"]
[BlackElo "2207"]
[PlyCount "93"]
[EventDate "2023.05.02"]
[EventType "swiss (blitz)"]
[EventRounds "11"]
[EventCountry "USA"]
[SourceTitle "EXT 2024"]
[Source "ChessBase"]
[SourceDate "2023.10.10"]
[SourceVersion "1"]
[SourceVersionDate "2023.10.10"]
[SourceQuality "1"]

1. d4 Nf6 2. c4 e6 3. Nc3 d5 4. cxd5 exd5 5. Bg5 c6 6. e3 Be7 7. Qc2 Bg4 8. Bd3 Bh5 9. Nf3 Bg6 10. 0-0 0-0 11. Ne5 Bxd3 12. Qxd3 Nbd7 13. f4 Re8 14. Bh4 Rc8 15. Kh1 c5 16. Bxf6 Nxf6 17. dxc5 Bxc5 18. Rad1 Qc7 19. Nxd5 Nxd5 20. Qxd5 Bxe3 21. Qb3 Rcd8 22. Rxd8 Rxd8 23. Qxe3 Qd6 24. h3 Qb4 25. b3 Re8 26. Qd3 Qb6 27. Qd5 Rf8 28. Nd7 Qd8 29. Rd1 Re8 30. Qxb7 Qh4 31. Qf3 h6 32. Ne5 Rc8 33. Qb7 Rf8 34. Rf1 Qh5 35. Qxa7 Qe2 36. Qf2 Qe4 37. Re1 Qd5 38. Qf3 Qd2 39. Re2 Qd1+ 40. Kh2 Rc8 41. Qd3 Qf1 42. Re4 Qc1 43. Rd4 g6 44. Qd2 Qc7 45. Rd7 Qc5 46. Nxf7 Qf5 47. Nxh6+ 1-0

[Event "Titled Tuesday intern op 02nd May Early"]
[Site "Chess.com INT"]
[Date "2023.05.02"]
[Round "11"]
[White "Balague Camps, Marc"]
[Black "Wafa, Hamed"]
[Result "1-0"]
[WhiteElo "2190"]
[BlackElo "2065"]
[PlyCount "83"]
[EventDate "2023.05.02"]
[EventType "swiss (blitz)"]
[EventRounds "11"]
[EventCountry "USA"]
[SourceTitle "EXT 2024"]
[Source "ChessBase"]
[SourceDate "2023.10.10"]
[SourceVersion "1"]
[SourceVersionDate "2023.10.10"]
[SourceQuality "1"]

1. d4 Nf6 2. c4 e6 3. Nc3 Bb4 4. f3 0-0 5. e4 d5 6. cxd5 Nfd7 7. e5 Nb6 8. a3 Bxc3+ 9. bxc3 Nxd5 10. Bd3 c5 11. Ne2 Nc6 12. 0-0 cxd4 13. cxd4 b6 14. Kh1 Bb7 15. f4 Qh4 16. f5 Nxd4 17. fxe6 Nxe2 18. Qxe2 fxe6 19. Bd2 Nf4 20. Bxf4 Rxf4 21. Rxf4 Qxf4 22. Rf1 Qg5 23. Be4 Bxe4 24. Qxe4 Rc8 25. h4 Qg6 26. Qb7 Rd8 27. Qe7 Re8 28. Qxa7 Qh5 29. Kg1 h6 30. Qd7 Qg6 31. Rf3 Kh7 32. Kh2 Qh5 33. Kh3 Qg6 34. Rg3 Qf5+ 35. Kh2 Rg8 36. Qd4 b5 37. Rf3 Qh5 38. Qd3+ Qg6 39. Qxb5 Rd8 40. Qb3 Qe4 41. Kh3 Rd4 42. g3 1-0

[Event "Titled Tuesday intern op 25th Apr Late"]
[Site "Chess.com INT"]
[Date "2023.04.25"]
[Round "7"]
[White "Balague Camps, Marc"]
[Black "Fuentes Godoy, Lilia Ivonne"]
[Result "0-1"]
[WhiteElo "2197"]
[BlackElo "2196"]
[PlyCount "78"]
[EventDate "2023.04.25"]
[EventType "swiss (blitz)"]
[EventRounds "11"]
[EventCountry "USA"]
[SourceTitle "EXT 2024"]
[Source "ChessBase"]
[SourceDate "2023.10.10"]
[SourceVersion "1"]
[SourceVersionDate "2023.10.10"]
[SourceQuality "1"]

1. d4 d5 2. c4 e6 3. Nc3 c6 4. cxd5 exd5 5. Nf3 Nf6 6. Bg5 g6 7. e3 Bg7 8. Be2 0-0 9. 0-0 Bf5 10. Ne5 Nbd7 11. a3 Re8 12. Ng4 Bxg4 13. Bxg4 Qb6 14. b4 Nxg4 15. Qxg4 Nf6 16. Qf3 Ne4 17. Nxe4 dxe4 18. Qf4 a5 19. Rab1 axb4 20. Rxb4 Qa7 21. a4 Bf8 22. Rc4 Re6 23. h4 Qb8 24. Qxb8 Rxb8 25. Rb1 b5 26. Kf1 b4 27. a5 Ra8 28. Ra1 Ra6 29. Bd8 Re8 30. Bb6 Rb8 31. Rxc6 b3 32. Rb1 b2 33. Rc2 Ba3 34. Rc3 Bb4 35. Rb3 Bxa5 36. R1xb2 Raxb6 37. Rxb6 Rxb6 38. Ra2 Rb1+ 39. Ke2 Re1# 0-1

[Event "Titled Tuesday intern op 25th Apr Late"]
[Site "Chess.com INT"]
[Date "2023.04.25"]
[Round "5"]
[White "Balague Camps, Marc"]
[Black "Toma, Katarzyna"]
[Result "1-0"]
[WhiteElo "2197"]
[BlackElo "2254"]
[PlyCount "71"]
[EventDate "2023.04.25"]
[EventType "swiss (blitz)"]
[EventRounds "11"]
[EventCountry "USA"]
[SourceTitle "EXT 2024"]
[Source "ChessBase"]
[SourceDate "2023.10.10"]
[SourceVersion "1"]
[SourceVersionDate "2023.10.10"]
[SourceQuality "1"]

1. d4 Nf6 2. c4 g6 3. Nc3 d5 4. Nf3 Bg7 5. Qb3 dxc4 6. Qxc4 a6 7. e4 b5 8. Qb3 c5 9. dxc5 Be6 10. Qc2 Nc6 11. Be3 Qa5 12. Nd2 Ng4 13. Be2 Nxe3 14. fxe3 b4 15. Qa4 Qxc5 16. Nd1 Bd7 17. Qb3 0-0 18. Qd5 Qa7 19. 0-0 Rad8 20. Qc4 a5 21. Nf3 Ne5 22. Qb3 Be6 23. Qa4 Nc4 24. Kh1 Nxe3 25. Nxe3 Qxe3 26. Rae1 Qb6 27. e5 Rc8 28. Bd1 Rfd8 29. Ng5 Bd5 30. Bb3 h6 31. Bxd5 Rxd5 32. Qb3 Qc5 33. Nxf7 Kh7 34. Qh3 Qc2 35. Ng5+ Kh8 36. Ne6 1-0

[Event "Titled Tuesday intern op 28th Mar Early"]
[Site "Chess.com INT"]
[Date "2023.03.28"]
[Round "2"]
[White "Balague Camps, Marc"]
[Black "Nguyen, Ngoc Truong Son"]
[Result "0-1"]
[WhiteElo "2207"]
[BlackElo "2645"]
[PlyCount "62"]
[EventDate "2023.03.28"]
[EventType "swiss (blitz)"]
[EventRounds "11"]
[EventCountry "USA"]
[SourceTitle "EXT 2024"]
[Source "ChessBase"]
[SourceDate "2023.10.10"]
[SourceVersion "1"]
[SourceVersionDate "2023.10.10"]
[SourceQuality "1"]

1. d4 Nf6 2. c4 c6 3. Nc3 d5 4. cxd5 cxd5 5. Bf4 Nc6 6. e3 a6 7. Nf3 e6 8. Bd3 Be7 9. 0-0 0-0 10. h3 b5 11. Rc1 Bb7 12. Qe2 Qb6 13. Ne5 Rfc8 14. g4 g6 15. Qf3 Nxe5 16. Bxe5 Nd7 17. Bf4 b4 18. Na4 Qa5 19. b3 Bc6 20. Nc5 Bxc5 21. dxc5 e5 22. Bh6 e4 23. Qf4 exd3 24. Qd4 f6 25. g5 Qd8 26. e4 Ne5 27. f4 dxe4 28. Qxd8+ Rxd8 29. fxe5 f5 30. Kf2 d2 31. Rc4 d1N+ 0-1

[Event "Titled Tuesday intern op 28th Mar Early"]
[Site "Chess.com INT"]
[Date "2023.03.28"]
[Round "11"]
[White "Shevtchenko, Olesya"]
[Black "Balague Camps, Marc"]
[Result "1-0"]
[WhiteElo "2054"]
[BlackElo "2207"]
[PlyCount "65"]
[EventDate "2023.03.28"]
[EventType "swiss (blitz)"]
[EventRounds "11"]
[EventCountry "USA"]
[SourceTitle "EXT 2024"]
[Source "ChessBase"]
[SourceDate "2023.10.10"]
[SourceVersion "1"]
[SourceVersionDate "2023.10.10"]
[SourceQuality "1"]

1. e4 c5 2. Nc3 e6 3. Nf3 Nc6 4. Bb5 Nge7 5. 0-0 Nd4 6. Nxd4 cxd4 7. Ne2 g6 8. Nxd4 Qb6 9. c3 e5 10. Bc4 exd4 11. Qf3 f6 12. d3 Bg7 13. cxd4 Qxd4 14. Be3 Qxb2 15. Rab1 Qe5 16. Rb5 Qc7 17. Rc1 Qd8 18. Bf4 d6 19. Qg3 a6 20. Rb2 b5 21. Bb3 f5 22. Rbc2 fxe4 23. dxe4 d5 24. exd5 Nf5 25. Re1+ Kf8 26. Qf3 Ra7 27. Rce2 Rf7 28. d6 Nd4 29. Re8+ Qxe8 30. Rxe8+ Kxe8 31. Qe4+ Be6 32. Bxe6 Rxf4 33. Qa8# 1-0

[Event "Titled Tuesday intern op 7th Mar Late"]
[Site "Chess.com INT"]
[Date "2023.03.07"]
[Round "2"]
[White "Balague Camps, Marc"]
[Black "Grycel, Kamil"]
[Result "0-1"]
[WhiteElo "2207"]
[BlackElo "2315"]
[PlyCount "116"]
[EventDate "2023.03.07"]
[EventType "swiss (blitz)"]
[EventRounds "11"]
[EventCountry "USA"]
[SourceTitle "EXT 2024"]
[Source "ChessBase"]
[SourceDate "2023.10.10"]
[SourceVersion "1"]
[SourceVersionDate "2023.10.10"]
[SourceQuality "1"]

1. d4 b6 2. c4 Bb7 3. Nf3 g6 4. g3 Bg7 5. Bg2 e6 6. 0-0 Ne7 7. Nc3 d6 8. e4 Nd7 9. Be3 h6 10. Qd2 Nf6 11. e5 Ng4 12. exd6 cxd6 13. Rac1 Nxe3 14. fxe3 0-0 15. Kh1 Rc8 16. Qd3 Ba6 17. b3 Qd7 18. Nd2 d5 19. Nb5 Bxb5 20. cxb5 Rxc1 21. Rxc1 Rc8 22. Rf1 Nf5 23. a4 Qc7 24. Bh3 Qc3 25. Bxf5 gxf5 26. Qxc3 Rxc3 27. Re1 h5 28. Kg2 Kf8 29. Kf2 Ke7 30. Rb1 Bh6 31. Nf1 Rc2+ 32. Kf3 f6 33. Rd1 Kd6 34. Rd2 Rc3 35. Rb2 e5 36. dxe5+ fxe5 37. Kf2 Kc5 38. h3 Kb4 39. g4 fxg4 40. hxg4 hxg4 41. Kg3 Bxe3 42. Kxg4 d4 43. Kf5 Rxb3 44. Ra2 Ra3 45. Rc2 Rc3 46. Ra2 Rc5 47. Ke4 Kb3 48. Ra1 Kb2 49. Rd1 Rc4 50. Kxe5 Rxa4 51. Ke4 Rb4 52. Ng3 Rxb5 53. Ne2 Rb4 54. Rh1 a5 55. Kd3 a4 56. Rh2 Kb3 57. Rh3 a3 58. Ke4 Ka4 0-1

[Event "Titled Tuesday intern op 24th Jan Late"]
[Site "Chess.com INT"]
[Date "2023.01.24"]
[Round "5"]
[White "Balague Camps, Marc"]
[Black "Ozates, Tuna"]
[Result "1-0"]
[WhiteElo "2207"]
[BlackElo "2251"]
[PlyCount "45"]
[EventDate "2023.01.24"]
[EventType "swiss (blitz)"]
[EventRounds "11"]
[EventCountry "USA"]
[SourceTitle "EXT 2024"]
[Source "ChessBase"]
[SourceDate "2023.10.10"]
[SourceVersion "1"]
[SourceVersionDate "2023.10.10"]
[SourceQuality "1"]

1. d4 g6 2. c4 Bg7 3. Nc3 d6 4. e4 Nf6 5. f4 0-0 6. Nf3 c5 7. d5 e6 8. dxe6 Bxe6 9. Bd3 Nc6 10. f5 Bd7 11. 0-0 Ng4 12. Nd5 Nge5 13. Nxe5 Nxe5 14. f6 Bg4 15. Be2 Bxe2 16. Qxe2 Re8 17. fxg7 Kxg7 18. Qf2 Rf8 19. Qf4 f5 20. exf5 gxf5 21. Bd2 Qd7 22. Bc3 Qe6 23. Nc7 1-0

[Event "Titled Tuesday intern op 24th Jan Late"]
[Site "Chess.com INT"]
[Date "2023.01.24"]
[Round "2"]
[White "Suarez Uriel, Adrian"]
[Black "Balague Camps, Marc"]
[Result "0-1"]
[WhiteElo "2365"]
[BlackElo "2207"]
[PlyCount "40"]
[EventDate "2023.01.24"]
[EventType "swiss (blitz)"]
[EventRounds "11"]
[EventCountry "USA"]
[SourceTitle "EXT 2024"]
[Source "ChessBase"]
[SourceDate "2023.10.10"]
[SourceVersion "1"]
[SourceVersionDate "2023.10.10"]
[SourceQuality "1"]

1. d4 Nf6 2. c4 e6 3. Nf3 c5 4. d5 exd5 5. cxd5 d6 6. Nc3 g6 7. e4 Bg7 8. Nd2 Nbd7 9. Nc4 Nb6 10. Na5 0-0 11. Bd2 Re8 12. Bd3 Nbxd5 13. Nxd5 Nxd5 14. 0-0 Nb4 15. Bxb4 cxb4 16. Nc4 Be6 17. Qe2 d5 18. exd5 Bxd5 19. Qc2 Rc8 20. Qb3 b5 0-1

[Event "Titled Tuesday intern op 17th Jan Late"]
[Site "Chess.com INT"]
[Date "2023.01.17"]
[Round "5"]
[White "Balague Camps, Marc"]
[Black "Santos Flores, Alberto Javier"]
[Result "0-1"]
[WhiteElo "2207"]
[BlackElo "2164"]
[PlyCount "130"]
[EventDate "2023.01.17"]
[EventType "swiss (blitz)"]
[EventRounds "11"]
[EventCountry "USA"]
[SourceTitle "CBM 212 Extra"]
[Source "ChessBase"]
[SourceDate "2023.03.31"]
[SourceVersion "1"]
[SourceVersionDate "2023.03.31"]
[SourceQuality "1"]

1. d4 d5 2. c4 c6 3. cxd5 cxd5 4. Bf4 Nc6 5. e3 Nf6 6. Nc3 Bf5 7. Qb3 Na5 8. Qa4+ Bd7 9. Qc2 e6 10. Bd3 Rc8 11. Nf3 Be7 12. 0-0 0-0 13. h3 h6 14. Qe2 Nc4 15. Rfc1 Qa5 16. Ne5 Nxe5 17. dxe5 Ne8 18. a3 Nc7 19. b4 Qb6 20. Bb1 Ne8 21. Qd3 f5 22. exf6 Nxf6 23. Be5 Ne4 24. Ba2 Nxc3 25. Rxc3 Rxc3 26. Qxc3 Bf6 27. Bxf6 Rxf6 28. Rc1 Rf8 29. Qc7 Bc6 30. Qxb6 axb6 31. Rc3 Kf7 32. f3 Ke7 33. Kf2 Kd6 34. Ke2 Rc8 35. Kd2 Bd7 36. Rxc8 Bxc8 37. f4 e5 38. g3 Bxh3 39. Kd3 Bf5+ 40. Kc3 g5 41. fxg5 hxg5 42. Bb3 Be4 43. Bd1 Ke6 44. Bg4+ Bf5 45. Bh5 Kf6 46. Be8 Be6 47. Bh5 Kf5 48. Bf3 Bf7 49. Kd2 d4 50. exd4 exd4 51. Kd3 Ke5 52. Bxb7 Bg6+ 53. Kd2 Be8 54. Bf3 Bb5 55. Be2 Bxe2 56. Kxe2 b5 57. Kd3 Kd5 58. Kd2 Ke4 59. g4 d3 60. a4 bxa4 61. b5 a3 62. b6 a2 63. b7 a1Q 64. b8Q Qa2+ 65. Kc1 Qc2# 0-1

[Event "Titled Tuesday intern op 17th Jan Late"]
[Site "Chess.com INT"]
[Date "2023.01.17"]
[Round "7"]
[White "Berezin, Viktor1111"]
[Black "Balague Camps, Marc"]
[Result "0-1"]
[WhiteElo "2307"]
[BlackElo "2207"]
[PlyCount "110"]
[EventDate "2023.01.17"]
[EventType "swiss (blitz)"]
[EventRounds "11"]
[EventCountry "USA"]
[SourceTitle "CBM 212 Extra"]
[Source "ChessBase"]
[SourceDate "2023.03.31"]
[SourceVersion "1"]
[SourceVersionDate "2023.03.31"]
[SourceQuality "1"]

1. d4 Nf6 2. c4 c5 3. d5 e5 4. Nc3 d6 5. e4 g6 6. g3 Bg7 7. Bg2 0-0 8. Nge2 a6 9. 0-0 Ne8 10. f4 exf4 11. Bxf4 Nd7 12. Rc1 h6 13. h3 Kh7 14. Kh2 Qe7 15. Qd2 Ne5 16. b3 Bd7 17. Rce1 b5 18. Bxe5 Bxe5 19. Nf4 Qg5 20. h4 Qe7 21. Kh1 Ra7 22. h5 Ng7 23. hxg6+ fxg6 24. Nce2 Bg4 25. Ng1 Qg5 26. Nf3 Bxf3 27. Rxf3 Raf7 28. Ref1 b4 29. Qe3 Qg4 30. Qf2 Bd4 31. Qd2 Nh5 32. Qd3 Rxf4 33. gxf4 Rxf4 34. Rxf4 Ng3+ 35. Kh2 Nxf1+ 36. Qxf1 Be5 37. Bh3 Bxf4+ 38. Kh1 Qg3 39. Qg2 Qe1+ 40. Qf1 Qxe4+ 41. Bg2 Qe3 42. Qf3 Qe5 43. Qg4 h5 44. Qd7+ Kh6 45. Qc8 Be3 46. Qf8+ Kg5 47. Qd8+ Kf4 48. Qf8+ Kg5 49. Qd8+ Kh6 50. Qf8+ Kh7 51. Qf7+ Qg7 52. Qe6 Qa1+ 53. Kh2 Bf4+ 54. Kh3 Qc3+ 55. Kh4 Qg3# 0-1

[Event "Roquetas de Mar op 34th"]
[Site "Roquetas de Mar"]
[Date "2023.01.04"]
[Round "2"]
[White "Rios, Cristhian Camilo"]
[Black "Balague Camps, Marc"]
[Result "1-0"]
[WhiteElo "2470"]
[BlackElo "2207"]
[PlyCount "80"]
[EventDate "2023.01.03"]
[EventType "swiss"]
[EventRounds "9"]
[EventCountry "ESP"]
[SourceTitle "CBM 212 Extra"]
[Source "ChessBase"]
[SourceDate "2023.03.31"]
[SourceVersion "1"]
[SourceVersionDate "2023.03.31"]
[SourceQuality "1"]

1. e4 c5 2. Nf3 e6 3. d4 cxd4 4. Nxd4 Nc6 5. Nc3 Qc7 6. Be3 a6 7. g4 b5 8. Nxc6 Qxc6 9. Qd2 Bb7 10. 0-0-0 Be7 11. g5 Rc8 12. Bg2 b4 13. Ne2 h6 14. f4 Qc7 15. h4 hxg5 16. fxg5 Bd6 17. Bd4 Rh7 18. Kb1 Ne7 19. h5 Nf5 20. exf5 Bxg2 21. g6 fxg6 22. fxg6 Rh8 23. Bxg7 Bxh1 24. Bxh8 Be4 25. Qxd6 Bxc2+ 26. Ka1 Bxd1 27. Qxd1 Qc2 28. Qxc2 Rxc2 29. h6 Rxe2 30. Kb1 b3 31. axb3 Rg2 32. h7 Rxg6 33. Bg7 Kf7 34. h8Q Rxg7 35. Qc8 d5 36. Qxa6 Kf6 37. b4 d4 38. Qd6 Rg1+ 39. Ka2 Rg4 40. b5 Kf5 1-0

[Event "Titled Tuesday intern op 27th Dec Late"]
[Site "Chess.com INT"]
[Date "2022.12.27"]
[Round "9"]
[White "Balague Camps, Marc"]
[Black "Clawitter, Craig"]
[Result "1-0"]
[WhiteElo "2207"]
[BlackElo "2050"]
[PlyCount "81"]
[EventDate "2022.12.27"]
[EventType "swiss (blitz)"]
[EventRounds "11"]
[EventCountry "USA"]
[SourceTitle "EXT 2024"]
[Source "ChessBase"]
[SourceDate "2023.10.10"]
[SourceVersion "1"]
[SourceVersionDate "2023.10.10"]
[SourceQuality "1"]

1. d4 e6 2. c4 Nf6 3. Nc3 d5 4. cxd5 exd5 5. Bg5 c6 6. e3 Be7 7. Bd3 0-0 8. h3 Re8 9. Nf3 Nbd7 10. 0-0 Nf8 11. Ne5 N6d7 12. Bxe7 Qxe7 13. Nf3 Nf6 14. Qc2 g6 15. a3 Ne6 16. b4 a6 17. Rab1 Ng7 18. a4 Bf5 19. Rfc1 Bxd3 20. Qxd3 Nf5 21. b5 axb5 22. axb5 Nd6 23. bxc6 bxc6 24. Rb6 Qc7 25. Nxd5 Nxd5 26. Rcxc6 Qxb6 27. Rxb6 Nxb6 28. Ne5 Rec8 29. g4 Nbc4 30. Nd7 Kg7 31. g5 Ra3 32. Qe2 Rca8 33. Qf3 Ra1+ 34. Kg2 Nf5 35. Qc6 R1a6 36. Qxc4 Ra2 37. Qc6 R8a6 38. Nb6 Rb2 39. Qf6+ Kg8 40. Qd8+ Kg7 41. Nd7 1-0